• 首页
  • 本馆介绍
  • 公告通知
  • 最新文献
  • 馆藏检索
  • 电子资源
  • 读者导购
  • 参考咨询
  • 我的图书馆
  • 登录
  • 详细信息显示
  • 放入我的书架
  • 预约/预借图书
  • 作者相关作品
  • 分类相关作品
  • 丛书相关作品
  • 出版社相关作品

书目信息

  • 表格格式
  • 工作单格式
  • 卡片格式
题名:
尤中学术文选
    
 
作者: 尤中 著
分册:  
出版信息: 昆明   云南大学出版社  2015
页数: 243页
开本: 24cm
丛书名: 云南文库·学术名家文丛
单 册:
中图分类: K28-53
科图分类:
主题词: 民族历史--中国--文集
电子资源:
ISBN: 978-7-5482-1859-3
000 00878oam2 2200253 450
001 012001003348
005 20140926114740.0
010    @a978-7-5482-1859-3@dCNY49.00
100    @a20160601d2015 em y0chiy50 ea
101 0  @achi
102    @aCN@b530000
105    @ay z 000yy
106    @ar
200 1  @a尤中学术文选@9you zhong xue shu wen xuan@b专著@f尤中著
210    @a昆明@c云南大学出版社@c云南人民出版社@d2015
215    @a243页@d24cm
225 1  @a云南文库·学术名家文丛@f张瑞才主编
330    @a本书精选作者的学术论文14篇,包括《中华民族发展史绪论》《唐、宋时期的僚族》《夜郎民族源流考》《西南边疆民族史札记》《南甸土司辖境及驻地的变迁》等。
461  0 @12001 @a云南文库·学术名家文丛
606 0  @a民族历史@y中国@j文集
690    @aK28-53@v5
701  0 @a尤中@9you zhong@f(1927-)@4著
801  0 @aCN@b上海新华@c20180901
905    @b1159442-6@dK28-53@e117@f5
    
    尤中学术文选/尤中著.-昆明:云南大学出版社:云南人民出版社,2015
    243页;24cm.-(云南文库·学术名家文丛/张瑞才主编)
    
    
    ISBN 978-7-5482-1859-3:CNY49.00
    本书精选作者的学术论文14篇,包括《中华民族发展史绪论》《唐、宋时期的僚族》《夜郎民族源流考》《西南边疆民族史札记》《南甸土司辖境及驻地的变迁》等。
●
相关链接 在E读中查询图书 在五车中查询图书 在当当中查询图书 在豆瓣中查询图书


正题名:尤中学术文选     索取号:K28-53/117         预约/预借

序号 登录号 条形码 馆藏地/架位号 状态 备注
1 1159442   211594425   第二样本阅览室/ [索取号:K28-53/117] 在馆    
2 1159443   211594434   密集书库-史法系/ [索取号:K28-53/117] 在馆    
3 1159444   211594443   第二借阅区/ [索取号:K28-53/117] 在馆    
4 1159445   211594452   第二借阅区/ [索取号:K28-53/117] 在馆    
5 1159446   211594461   第二借阅区/ [索取号:K28-53/117] 在馆    
唐山师范学院图书馆 欢迎您!
大连网信软件有限公司© 版权所有